000 01390nam a2200349 i 4500
003 EG-GICUC
005 20260121101508.0
008 251216s1985 ua d|||fr|||| 000 0 ara d
017 _a1985/5974
020 _a977-02-1439-6
040 _a EG-GICUC
_bara
_c EG-GICUC
_d EG-GICUC
_erda
041 _aara
082 0 4 _221
_a343.6
_bع ب . م
092 0 4 _221
099 _aLaw1 10 343.6 ع ب . م 1985
100 0 _aعبدالرحيم صدقي
_eمؤلف.
245 1 0 _aمقدمة في دراسة علم الإجرام العام والمعملي /
_cدكتور عبدالرحيم صدقي.
264 1 _aالقاهرة :
_bدار المعارف,
_c1985.
300 _a143 صفحة :
_bجداول ؛
_c24 سم
336 _2rda content
_atext
337 _2rda media
_aComputer
338 _2rda carrier
_aOnline Resource
504 _aببلويجرافيا صفحة 140.
546 _aالنص أغلبه باللغة العربية مع بعض النصوص الفرنسية
650 1 4 _aعلم الإجرام
_2qrmak
650 1 4 _aالنظريات المفسرة للسلوك الإجرامي = العوامل الإجرامية بصفة عامة
650 1 4 _aعوامل إجرامية أخرى متعلقة بالمجرم
651 1 _2qrmak
856 4 0 _uhttps://fll.law.cu.edu.eg/fulltext/bks/B10-07224.pdf
905 _a79
_eHassnaa
942 _2ddc
_cBK
_e21
_n0
999 _c50750
_d50750